[Event "DEM U18 2025"]
[Site "Willingen GER"]
[Date "2025.06.13"]
[Round "8"]
[White "von Mettenheim, Johannes"]
[Black "Stork, Christopher"]
[Result "1-0"]
[Termination "normal"]
[Board "1"]
[WhiteElo "2367"]
[BlackElo "2132"]
[WhiteClock "00:33:41"]
[BlackClock "00:00:49"]
[PlyCount "99"]
[WhiteFideId "16244818"]
[BlackFideId "16215400"]
[EventCountry "GER"]
[EventRounds "9"]
[EventType "swiss"]
[EventDate "2025.06.07"]

1. Nf3 {[%clk 01:30:54]} {[%emt 00:00:04]} Nf6 {[%clk 01:30:34]} {[%emt
00:00:27]} 2. g3 {[%clk 01:31:18]} {[%emt 00:00:06]} g6 {[%clk 01:29:49]}
{[%emt 00:01:16]} 3. Bg2 {[%clk 01:31:43]} {[%emt 00:00:05]} Bg7 {[%clk
01:30:15]} {[%emt 00:00:04]} 4. O-O {[%clk 01:32:04]} {[%emt 00:00:09]} O-O
{[%clk 01:30:41]} {[%emt 00:00:05]} 5. d4 {[%clk 01:32:29]} {[%emt 00:00:04]}
d6 {[%clk 01:31:07]} {[%emt 00:00:04]} 6. Re1 {[%clk 01:32:28]} {[%emt
00:00:31]} c5 {[%clk 01:23:34]} {[%emt 00:08:04]} 7. dxc5 {[%clk 01:31:48]}
{[%emt 00:01:10]} dxc5 {[%clk 01:23:57]} {[%emt 00:00:06]} 8. Qxd8 {[%clk
01:31:53]} {[%emt 00:00:25]} Rxd8 {[%clk 01:24:22]} {[%emt 00:00:05]} 9. c3
{[%clk 01:32:17]} {[%emt 00:00:06]} Nc6 {[%clk 01:12:12]} {[%emt 00:12:40]} 10.
Be3 {[%clk 01:32:36]} {[%emt 00:00:10]} Nd7 {[%clk 01:11:17]} {[%emt 00:01:26]}
11. Rd1 {[%clk 01:28:40]} {[%emt 00:04:26]} Rb8 {[%clk 01:06:33]} {[%emt
00:05:14]} 12. Ne1 {[%clk 01:25:53]} {[%emt 00:03:16]} Re8 {[%clk 01:02:18]}
{[%emt 00:04:46]} 13. Na3 {[%clk 01:23:40]} {[%emt 00:02:44]} Na5 {[%clk
00:57:14]} {[%emt 00:05:34]} 14. Rac1 {[%clk 01:16:15]} {[%emt 00:07:54]} b6
{[%clk 00:46:31]} {[%emt 00:11:13]} 15. b4 {[%clk 01:15:21]} {[%emt 00:01:24]}
Nb7 {[%clk 00:44:36]} {[%emt 00:02:25]} 16. Nb5 {[%clk 01:13:04]} {[%emt
00:02:47]} Nd6 {[%clk 00:42:29]} {[%emt 00:02:38]} 17. Nxa7 {[%clk 01:04:39]}
{[%emt 00:08:54]} Bb7 {[%clk 00:39:39]} {[%emt 00:03:20]} 18. Nc6 {[%clk
01:04:49]} {[%emt 00:00:20]} Bxc6 {[%clk 00:39:38]} {[%emt 00:00:32]} 19. Bxc6
{[%clk 01:05:14]} {[%emt 00:00:05]} Red8 {[%clk 00:39:47]} {[%emt 00:00:20]}
20. Nd3 {[%clk 01:00:58]} {[%emt 00:04:45]} Ne5 {[%clk 00:36:25]} {[%emt
00:03:53]} 21. Nxe5 {[%clk 00:59:42]} {[%emt 00:01:46]} Bxe5 {[%clk 00:36:47]}
{[%emt 00:00:09]} 22. bxc5 {[%clk 00:56:36]} {[%emt 00:03:35]} bxc5 {[%clk
00:37:00]} {[%emt 00:00:16]} 23. Rd5 {[%clk 00:56:46]} {[%emt 00:00:20]} Bf6
{[%clk 00:33:57]} {[%emt 00:03:34]} 24. Bxc5 {[%clk 00:45:26]} {[%emt
00:11:51]} Rb2 {[%clk 00:28:37]} {[%emt 00:05:49]} 25. e4 {[%clk 00:44:08]}
{[%emt 00:01:48]} Rc8 {[%clk 00:26:12]} {[%emt 00:02:55]} 26. e5 {[%clk
00:42:37]} {[%emt 00:02:02]} Bxe5 {[%clk 00:24:25]} {[%emt 00:02:16]} 27. Bd7
{[%clk 00:42:02]} {[%emt 00:01:05]} Rc7 {[%clk 00:24:06]} {[%emt 00:00:50]} 28.
Rxe5 {[%clk 00:41:56]} {[%emt 00:00:35]} Rxd7 {[%clk 00:24:27]} {[%emt
00:00:09]} 29. a3 {[%clk 00:41:31]} {[%emt 00:00:55]} Rc7 {[%clk 00:22:38]}
{[%emt 00:02:19]} 30. Bb4 {[%clk 00:41:49]} {[%emt 00:00:12]} Ra2 {[%clk
00:21:11]} {[%emt 00:01:58]} 31. Rce1 {[%clk 00:41:21]} {[%emt 00:00:55]} Nf5
{[%clk 00:19:19]} {[%emt 00:02:24]} 32. R5e2 {[%clk 00:38:01]} {[%emt
00:03:49]} Rxe2 {[%clk 00:19:24]} {[%emt 00:00:26]} 33. Rxe2 {[%clk 00:38:24]}
{[%emt 00:00:06]} Kf8 {[%clk 00:17:31]} {[%emt 00:02:23]} 34. Rd2 {[%clk
00:37:21]} {[%emt 00:01:33]} h5 {[%clk 00:16:00]} {[%emt 00:02:02]} 35. Kf1
{[%clk 00:36:07]} {[%emt 00:01:42]} Ke8 {[%clk 00:14:54]} {[%emt 00:01:37]} 36.
Ke2 {[%clk 00:36:26]} {[%emt 00:00:11]} Nd6 {[%clk 00:11:37]} {[%emt 00:03:48]}
37. Bxd6 {[%clk 00:33:56]} {[%emt 00:03:01]} exd6 {[%clk 00:12:01]} {[%emt
00:00:05]} 38. Kd3 {[%clk 00:34:22]} {[%emt 00:00:04]} Ra7 {[%clk 00:10:37]}
{[%emt 00:01:54]} 39. Ra2 {[%clk 00:34:48]} {[%emt 00:00:04]} Ra4 {[%clk
00:10:05]} {[%emt 00:01:02]} 40. Kc2 {[%clk 00:35:14]} {[%emt 00:00:04]} Kd7
{[%clk 00:09:21]} {[%emt 00:01:14]} 41. Kb3 {[%clk 00:35:40]} {[%emt 00:00:04]}
Ra6 {[%clk 00:07:40]} {[%emt 00:02:11]} 42. a4 {[%clk 00:36:01]} {[%emt
00:00:08]} Kc6 {[%clk 00:08:03]} {[%emt 00:00:07]} 43. Kb4 {[%clk 00:34:39]}
{[%emt 00:01:52]} Rb6+ {[%clk 00:02:31]} {[%emt 00:06:03]} 44. Kc4 {[%clk
00:34:13]} {[%emt 00:00:57]} g5 {[%clk 00:01:50]} {[%emt 00:01:10]} 45. a5
{[%clk 00:34:15]} {[%emt 00:00:27]} Ra6 {[%clk 00:02:13]} {[%emt 00:00:08]} 46.
Kd4 {[%clk 00:33:54]} {[%emt 00:00:50]} f5 {[%clk 00:01:30]} {[%emt 00:01:13]}
47. Ra3 {[%clk 00:34:06]} {[%emt 00:00:19]} h4 {[%clk 00:01:29]} {[%emt
00:00:31]} 48. gxh4 {[%clk 00:34:25]} {[%emt 00:00:11]} gxh4 {[%clk 00:01:57]}
{[%emt 00:00:03]} 49. h3 {[%clk 00:33:41]} {[%emt 00:01:13]} Kb7 {[%clk
00:00:49]} {[%emt 00:01:40]} 50. Ke4 {[%emt 00:02:24]} 1-0

[Event "DEM U18 2025"]
[Site "Willingen GER"]
[Date "2025.06.13"]
[Round "8"]
[White "Heinrich, John"]
[Black "Petrovskiy, Vadym"]
[Result "1/2-1/2"]
[Termination "normal"]
[Board "2"]
[WhiteTitle "FM"]
[BlackTitle "IM"]
[WhiteElo "2359"]
[BlackElo "2432"]
[WhiteClock "00:17:03"]
[BlackClock "00:33:12"]
[PlyCount "58"]
[WhiteFideId "16259491"]
[BlackFideId "14165210"]
[EventCountry "GER"]
[EventRounds "9"]
[EventType "swiss"]
[EventDate "2025.06.07"]

1. d4 {[%clk 01:30:47]} {[%emt 00:00:12]} Nf6 {[%clk 01:28:58]} {[%emt
00:02:02]} 2. c4 {[%clk 01:31:10]} {[%emt 00:00:07]} e6 {[%clk 01:29:25]}
{[%emt 00:00:02]} 3. g3 {[%clk 01:31:35]} {[%emt 00:00:06]} d5 {[%clk
01:26:17]} {[%emt 00:03:39]} 4. Bg2 {[%clk 01:31:52]} {[%emt 00:00:13]} Nbd7
{[%clk 01:24:39]} {[%emt 00:02:07]} 5. Nf3 {[%clk 01:30:22]} {[%emt 00:01:59]}
dxc4 {[%clk 01:24:52]} {[%emt 00:00:19]} 6. a4 {[%clk 01:25:05]} {[%emt
00:05:47]} c6 {[%clk 01:20:23]} {[%emt 00:04:58]} 7. Nc3 {[%clk 01:18:33]}
{[%emt 00:07:02]} b6 {[%clk 01:09:50]} {[%emt 00:11:04]} 8. Nd2 {[%clk
01:10:20]} {[%emt 00:08:43]} Ba6 {[%clk 01:10:08]} {[%emt 00:00:11]} 9. Bxc6
{[%clk 01:10:22]} {[%emt 00:00:29]} Rc8 {[%clk 01:10:33]} {[%emt 00:00:04]} 10.
Bg2 {[%clk 01:10:38]} {[%emt 00:00:15]} Nb8 {[%clk 01:10:45]} {[%emt 00:00:17]}
11. Nf3 {[%clk 01:05:17]} {[%emt 00:05:51]} Nc6 {[%clk 01:10:39]} {[%emt
00:00:36]} 12. O-O {[%clk 01:05:21]} {[%emt 00:00:26]} Be7 {[%clk 01:09:20]}
{[%emt 00:01:49]} 13. Nb5 {[%clk 00:49:44]} {[%emt 00:16:08]} O-O {[%clk
01:02:58]} {[%emt 00:06:51]} 14. Ne5 {[%clk 00:46:56]} {[%emt 00:03:18]} Bxb5
{[%clk 01:02:48]} {[%emt 00:00:42]} 15. axb5 {[%clk 00:47:19]} {[%emt
00:00:05]} Nxd4 {[%clk 01:03:14]} {[%emt 00:00:04]} 16. Nc6 {[%clk 00:29:54]}
{[%emt 00:17:55]} Nxc6 {[%clk 01:03:33]} {[%emt 00:00:11]} 17. Bxc6 {[%clk
00:30:10]} {[%emt 00:00:13]} a5 {[%clk 00:55:49]} {[%emt 00:08:16]} 18. Qc2
{[%clk 00:28:15]} {[%emt 00:02:24]} Nd5 {[%clk 00:52:34]} {[%emt 00:03:45]} 19.
Qxc4 {[%clk 00:28:12]} {[%emt 00:00:33]} Nb4 {[%clk 00:51:31]} {[%emt
00:01:33]} 20. Be3 {[%clk 00:27:26]} {[%emt 00:01:16]} Nxc6 {[%clk 00:50:49]}
{[%emt 00:01:11]} 21. bxc6 {[%clk 00:27:48]} {[%emt 00:00:08]} Bc5 {[%clk
00:47:59]} {[%emt 00:03:22]} 22. Bxc5 {[%clk 00:27:40]} {[%emt 00:00:38]} Rxc6
{[%clk 00:48:24]} {[%emt 00:00:06]} 23. Bxb6 {[%clk 00:28:03]} {[%emt
00:00:06]} Qxb6 {[%clk 00:48:46]} {[%emt 00:00:08]} 24. Qa4 {[%clk 00:25:31]}
{[%emt 00:03:02]} Rc5 {[%clk 00:48:18]} {[%emt 00:00:59]} 25. b3 {[%clk
00:23:39]} {[%emt 00:02:21]} Rb8 {[%clk 00:47:50]} {[%emt 00:00:59]} 26. Rfc1
{[%clk 00:23:14]} {[%emt 00:00:54]} Rf5 {[%clk 00:46:32]} {[%emt 00:01:48]} 27.
e3 {[%clk 00:23:28]} {[%emt 00:00:16]} h5 {[%clk 00:46:27]} {[%emt 00:00:35]}
28. Rc3 {[%clk 00:22:20]} {[%emt 00:01:38]} Qb7 {[%clk 00:41:01]} {[%emt
00:05:56]} 29. Qd4 {[%clk 00:17:03]} {[%emt 00:05:47]} Rd5 {[%clk 00:33:12]}
{[%emt 00:08:19]} 1/2-1/2

[Event "DEM U18 2025"]
[Site "Willingen GER"]
[Date "2025.06.13"]
[Round "8"]
[White "Guo, Philipp Ziming"]
[Black "Ohler, Julius"]
[Result "1/2-1/2"]
[Termination "normal"]
[Board "3"]
[BlackTitle "FM"]
[WhiteElo "2219"]
[BlackElo "2301"]
[WhiteClock "00:21:49"]
[BlackClock "00:28:37"]
[PlyCount "138"]
[WhiteFideId "16245199"]
[BlackFideId "16238982"]
[EventCountry "GER"]
[EventRounds "9"]
[EventType "swiss"]
[EventDate "2025.06.07"]

1. e4 {[%clk 01:30:44]} {[%emt 00:00:15]} c5 {[%clk 01:30:55]} {[%emt
00:00:06]} 2. Nf3 {[%clk 01:30:42]} {[%emt 00:00:32]} a6 {[%clk 01:31:21]}
{[%emt 00:00:03]} 3. c3 {[%clk 01:30:50]} {[%emt 00:00:23]} d5 {[%clk
01:31:47]} {[%emt 00:00:04]} 4. exd5 {[%clk 01:31:16]} {[%emt 00:00:03]} Qxd5
{[%clk 01:32:14]} {[%emt 00:00:04]} 5. d4 {[%clk 01:31:40]} {[%emt 00:00:05]}
Nf6 {[%clk 01:32:41]} {[%emt 00:00:03]} 6. Be2 {[%clk 01:31:59]} {[%emt
00:00:11]} cxd4 {[%clk 01:33:07]} {[%emt 00:00:04]} 7. cxd4 {[%clk 01:32:23]}
{[%emt 00:00:06]} e6 {[%clk 01:33:34]} {[%emt 00:00:03]} 8. O-O {[%clk
01:32:41]} {[%emt 00:00:11]} Nc6 {[%clk 01:33:29]} {[%emt 00:00:37]} 9. Be3
{[%clk 01:32:53]} {[%emt 00:00:16]} Be7 {[%clk 01:30:29]} {[%emt 00:03:31]} 10.
Nc3 {[%clk 01:33:13]} {[%emt 00:00:10]} Qa5 {[%clk 01:29:18]} {[%emt 00:01:42]}
11. Nd2 {[%clk 01:26:09]} {[%emt 00:07:33]} O-O {[%clk 01:18:59]} {[%emt
00:10:49]} 12. Bf3 {[%clk 01:06:30]} {[%emt 00:20:08]} Bd7 {[%clk 00:58:56]}
{[%emt 00:20:34]} 13. Qe2 {[%clk 01:01:59]} {[%emt 00:05:01]} Qf5 {[%clk
00:44:22]} {[%emt 00:15:05]} 14. Nc4 {[%clk 00:49:38]} {[%emt 00:12:50]} h6
{[%clk 00:30:39]} {[%emt 00:14:13]} 15. Rfd1 {[%clk 00:44:21]} {[%emt
00:05:46]} Rad8 {[%clk 00:26:03]} {[%emt 00:05:07]} 16. d5 {[%clk 00:40:48]}
{[%emt 00:04:02]} exd5 {[%clk 00:26:13]} {[%emt 00:00:21]} 17. Nxd5 {[%clk
00:41:02]} {[%emt 00:00:16]} Nxd5 {[%clk 00:25:24]} {[%emt 00:01:20]} 18. Rxd5
{[%clk 00:40:34]} {[%emt 00:00:56]} Qg6 {[%clk 00:23:50]} {[%emt 00:02:05]} 19.
Bb6 {[%clk 00:35:08]} {[%emt 00:05:55]} Be6 {[%clk 00:24:17]} {[%emt 00:00:04]}
20. Bxd8 {[%clk 00:26:27]} {[%emt 00:09:11]} Bxd5 {[%clk 00:24:42]} {[%emt
00:00:04]} 21. Bxd5 {[%clk 00:19:14]} {[%emt 00:07:43]} Bxd8 {[%clk 00:25:08]}
{[%emt 00:00:05]} 22. Qe4 {[%clk 00:17:59]} {[%emt 00:01:44]} Qxe4 {[%clk
00:22:16]} {[%emt 00:03:23]} 23. Bxe4 {[%clk 00:18:27]} {[%emt 00:00:01]} Re8
{[%clk 00:21:30]} {[%emt 00:01:17]} 24. Bxc6 {[%clk 00:16:51]} {[%emt
00:02:06]} bxc6 {[%clk 00:21:56]} {[%emt 00:00:04]} 25. Kf1 {[%clk 00:16:50]}
{[%emt 00:00:30]} Re4 {[%clk 00:19:37]} {[%emt 00:02:49]} 26. b3 {[%clk
00:16:34]} {[%emt 00:00:46]} Kf8 {[%clk 00:19:57]} {[%emt 00:00:10]} 27. Rd1
{[%clk 00:16:12]} {[%emt 00:00:53]} Bc7 {[%clk 00:19:43]} {[%emt 00:00:44]} 28.
Rd7 {[%clk 00:15:47]} {[%emt 00:00:54]} Re7 {[%clk 00:20:09]} {[%emt 00:00:05]}
29. Rxe7 {[%clk 00:16:04]} {[%emt 00:00:13]} Kxe7 {[%clk 00:20:34]} {[%emt
00:00:05]} 30. h3 {[%clk 00:15:39]} {[%emt 00:00:54]} Ke6 {[%clk 00:21:00]}
{[%emt 00:00:05]} 31. Ke2 {[%clk 00:15:44]} {[%emt 00:00:25]} Kd5 {[%clk
00:20:56]} {[%emt 00:00:34]} 32. Kd3 {[%clk 00:16:07]} {[%emt 00:00:07]} Kc5
{[%clk 00:19:08]} {[%emt 00:02:18]} 33. Ne3 {[%clk 00:09:10]} {[%emt 00:07:25]}
Be5 {[%clk 00:18:04]} {[%emt 00:01:35]} 34. Nc2 {[%clk 00:08:27]} {[%emt
00:01:13]} a5 {[%clk 00:16:14]} {[%emt 00:02:21]} 35. Ke4 {[%clk 00:07:27]}
{[%emt 00:01:29]} Bb2 {[%clk 00:15:01]} {[%emt 00:01:43]} 36. Kd3 {[%clk
00:07:17]} {[%emt 00:00:41]} h5 {[%clk 00:11:36]} {[%emt 00:03:56]} 37. g4
{[%clk 00:07:06]} {[%emt 00:00:39]} hxg4 {[%clk 00:11:40]} {[%emt 00:00:26]}
38. hxg4 {[%clk 00:07:30]} {[%emt 00:00:06]} g6 {[%clk 00:10:52]} {[%emt
00:01:19]} 39. Ke4 {[%clk 00:07:21]} {[%emt 00:00:39]} Bc3 {[%clk 00:10:23]}
{[%emt 00:00:59]} 40. Kd3 {[%clk 00:06:58]} {[%emt 00:00:53]} Bb2 {[%clk
00:10:14]} {[%emt 00:00:38]} 41. Ke4 {[%clk 00:04:14]} {[%emt 00:03:14]} Bc3
{[%clk 00:10:10]} {[%emt 00:00:35]} 42. f3 {[%clk 00:02:29]} {[%emt 00:02:15]}
Bb2 {[%clk 00:09:23]} {[%emt 00:01:17]} 43. Kd3 {[%clk 00:02:15]} {[%emt
00:00:44]} Bc1 {[%clk 00:09:05]} {[%emt 00:00:48]} 44. Ke4 {[%clk 00:01:15]}
{[%emt 00:01:28]} Bb2 {[%clk 00:09:23]} {[%emt 00:00:13]} 45. Ke3 {[%clk
00:01:31]} {[%emt 00:00:14]} Bc3 {[%clk 00:08:20]} {[%emt 00:01:34]} 46. Kd3
{[%clk 00:01:37]} {[%emt 00:00:24]} Bb2 {[%clk 00:08:45]} {[%emt 00:00:04]} 47.
Ne3 {[%clk 00:01:44]} {[%emt 00:00:23]} Be5 {[%clk 00:08:24]} {[%emt 00:00:51]}
48. Nc4 {[%clk 00:01:40]} {[%emt 00:00:35]} Bc7 {[%clk 00:08:50]} {[%emt
00:00:04]} 49. Ke4 {[%clk 00:28:28]} {[%emt 00:03:42]} a4 {[%clk 00:34:45]}
{[%emt 00:04:35]} 50. g5 {[%clk 00:23:50]} {[%emt 00:05:08]} axb3 {[%clk
00:35:10]} {[%emt 00:00:04]} 51. axb3 {[%clk 00:24:19]} {[%emt 00:00:02]} Bd8
{[%clk 00:32:15]} {[%emt 00:03:25]} 52. f4 {[%clk 00:23:40]} {[%emt 00:01:08]}
f6 {[%clk 00:32:02]} {[%emt 00:00:44]} 53. gxf6 {[%clk 00:23:57]} {[%emt
00:00:13]} Bxf6 {[%clk 00:32:28]} {[%emt 00:00:03]} 54. Ne5 {[%clk 00:24:01]}
{[%emt 00:00:25]} Kb4 {[%clk 00:28:38]} {[%emt 00:04:22]} 55. Nxc6+ {[%clk
00:23:24]} {[%emt 00:01:07]} Kxb3 {[%clk 00:29:04]} {[%emt 00:00:04]} 56. Ne5
{[%clk 00:23:38]} {[%emt 00:00:16]} g5 {[%clk 00:29:29]} {[%emt 00:00:04]} 57.
f5 {[%clk 00:23:11]} {[%emt 00:00:57]} Kc3 {[%clk 00:28:46]} {[%emt 00:01:14]}
58. Ng4 {[%clk 00:22:53]} {[%emt 00:00:47]} Bg7 {[%clk 00:26:21]} {[%emt
00:02:56]} 59. Nf2 {[%clk 00:21:22]} {[%emt 00:02:01]} Kc4 {[%clk 00:26:25]}
{[%emt 00:00:26]} 60. Kf3 {[%clk 00:21:35]} {[%emt 00:00:16]} Kd4 {[%clk
00:26:45]} {[%emt 00:00:10]} 61. Kg4 {[%clk 00:21:48]} {[%emt 00:00:16]} Bf6
{[%clk 00:27:01]} {[%emt 00:00:15]} 62. Nh3 {[%clk 00:22:07]} {[%emt 00:00:11]}
Ke5 {[%clk 00:26:26]} {[%emt 00:01:05]} 63. Nxg5 {[%clk 00:22:27]} {[%emt
00:00:10]} Kd6 {[%clk 00:26:46]} {[%emt 00:00:10]} 64. Kh5 {[%clk 00:20:40]}
{[%emt 00:02:16]} Ke7 {[%clk 00:26:55]} {[%emt 00:00:22]} 65. Ne4 {[%clk
00:20:57]} {[%emt 00:00:12]} Kf7 {[%clk 00:27:07]} {[%emt 00:00:19]} 66. Nd6+
{[%clk 00:21:00]} {[%emt 00:00:27]} Kg7 {[%clk 00:27:19]} {[%emt 00:00:18]} 67.
Ne8+ {[%clk 00:21:00]} {[%emt 00:00:32]} Kf7 {[%clk 00:27:44]} {[%emt
00:00:04]} 68. Nxf6 {[%clk 00:21:26]} {[%emt 00:00:04]} Kxf6 {[%clk 00:28:10]}
{[%emt 00:00:04]} 69. Kh4 {[%clk 00:21:49]} {[%emt 00:00:06]} Kxf5 {[%clk
00:28:37]} {[%emt 00:00:05]} 1/2-1/2